Agriculture in India and Pakistan, 1990-95: productivity and crop mix (Record no. 43651)

000 -LEADER
fixed length control field 01316pab a2200181 454500
008 - FIXED-LENGTH DATA ELEMENTS--GENERAL INFORMATION
fixed length control field 180718b1999 xxu||||| |||| 00| 0 eng d
100 ## - MAIN ENTRY--PERSONAL NAME
Personal name Kurosaki, Takashi
245 ## - TITLE STATEMENT
Title Agriculture in India and Pakistan, 1990-95: productivity and crop mix
260 ## - PUBLICATION, DISTRIBUTION, ETC.
Date of publication, distribution, etc. 1999
300 ## - PHYSICAL DESCRIPTION
Extent p.A160-68
362 ## - DATES OF PUBLICATION AND/OR SEQUENTIAL DESIGNATION
Dates of publication and/or sequential designation 25 Dec
520 ## - SUMMARY, ETC.
Summary, etc. In the context of economic liberalisation during the 1990s, we investigate the performance of agriculture in India and Pakistan, 1900-95, from historical and comparative perspectives. Based on a new data set that corresponds to the current border, we show a distinct turnaround at the time of partition in 1947 - the stagnant performance of agriculture in India and Pakistan during the colonial period was turned into a sustained growth since 1947, with a stronger performance in India especially in terms of per capita food production. Empirical investigation in this paper gives support to the view that institutional changes have significant effects on agricultural production in India and Pakistan. Farmers have responded to changes in institutions and policies, adjusting their crop mix and production technology. - Reproduced
650 ## - SUBJECT ADDED ENTRY--TOPICAL TERM
Topical term or geographic name entry element Agriculture - Pakistan
650 ## - SUBJECT ADDED ENTRY--TOPICAL TERM
Topical term or geographic name entry element Agriculture - India
650 ## - SUBJECT ADDED ENTRY--TOPICAL TERM
Topical term or geographic name entry element Agriculture
773 ## - HOST ITEM ENTRY
Main entry heading Economic and Political Weekly
909 ## -
-- 43651
Holdings
Withdrawn status Lost status Damaged status Not for loan Permanent Location Current Location Date acquired Serial Enumeration / chronology Barcode Date last seen Price effective from Koha item type
        Indian Institute of Public Administration Indian Institute of Public Administration 2018-07-19 Volume no: 34, Issue no: 52 AR44049 2018-07-19 2018-07-19 Articles

Powered by Koha